<?xml version="1.0" encoding="UTF-8"?>
<record
    xmlns:xsi="http://www.w3.org/2001/XMLSchema-instance"
    xsi:schemaLocation="http://www.loc.gov/MARC21/slim http://www.loc.gov/standards/marcxml/schema/MARC21slim.xsd"
    xmlns="http://www.loc.gov/MARC21/slim">

  <leader>05047nam a22004217a 4500</leader>
  <controlfield tag="003">OSt</controlfield>
  <controlfield tag="005">20260215104527.0</controlfield>
  <controlfield tag="008">250827s2024    ua a|||frm||| 000 0 eng d</controlfield>
  <datafield tag="040" ind1=" " ind2=" ">
    <subfield code="a">EG-GICUC</subfield>
    <subfield code="b">ara</subfield>
    <subfield code="c">EG-GICUC</subfield>
    <subfield code="d">EG-GICUC</subfield>
    <subfield code="e">rda</subfield>
  </datafield>
  <datafield tag="041" ind1="0" ind2=" ">
    <subfield code="a">ara</subfield>
    <subfield code="b">ara</subfield>
    <subfield code="b">eng</subfield>
  </datafield>
  <datafield tag="049" ind1=" " ind2=" ">
    <subfield code="a">&#x625;&#x64A;&#x62F;&#x627;&#x639;</subfield>
  </datafield>
  <datafield tag="082" ind1="0" ind2="4">
    <subfield code="a">338.88</subfield>
  </datafield>
  <datafield tag="092" ind1=" " ind2=" ">
    <subfield code="a">338.88</subfield>
    <subfield code="2">21</subfield>
  </datafield>
  <datafield tag="097" ind1=" " ind2=" ">
    <subfield code="a">&#x62F;&#x643;&#x62A;&#x648;&#x631;&#x627;&#x647;&#x200E;</subfield>
  </datafield>
  <datafield tag="099" ind1=" " ind2=" ">
    <subfield code="a">Cai01.04.03.Ph.D.2024.&#x628;&#x644;.&#x62D;</subfield>
  </datafield>
  <datafield tag="100" ind1="0" ind2=" ">
    <subfield code="a">&#x60C;&#x628;&#x644;&#x627;&#x644; &#x645;&#x635;&#x637;&#x641;&#x649; &#x645;&#x62D;&#x645;&#x62F; &#x625;&#x633;&#x643;&#x646;&#x62F;&#x631;</subfield>
    <subfield code="e">&#x625;&#x639;&#x62F;&#x627;&#x62F;.</subfield>
  </datafield>
  <datafield tag="245" ind1="1" ind2="2">
    <subfield code="a">&#x627;&#x644;&#x62D;&#x645;&#x627;&#x64A;&#x629; &#x627;&#x644;&#x62C;&#x646;&#x627;&#x626;&#x64A;&#x629; &#x644;&#x644;&#x634;&#x631;&#x643;&#x627;&#x62A; &#x627;&#x644;&#x62A;&#x62C;&#x627;&#x631;&#x64A;&#x629; :</subfield>
    <subfield code="b">&#x62F;&#x631;&#x627;&#x633;&#x629; &#x645;&#x642;&#x627;&#x631;&#x646;&#x629; /</subfield>
    <subfield code="c">&#x625;&#x639;&#x62F;&#x627;&#x62F; &#x628;&#x644;&#x627;&#x644; &#x645;&#x635;&#x637;&#x641;&#x649; &#x645;&#x62D;&#x645;&#x62F; &#x625;&#x633;&#x643;&#x646;&#x62F;&#x631;&#x61B; &#x625;&#x634;&#x631;&#x627;&#x641; &#x623;.&#x62F;. &#x639;&#x645;&#x631; &#x645;&#x62D;&#x645;&#x62F; &#x633;&#x627;&#x644;&#x645;.</subfield>
  </datafield>
  <datafield tag="246" ind1="1" ind2="5">
    <subfield code="a">Criminal protection of commercial companies :</subfield>
    <subfield code="b">Comparative study /</subfield>
  </datafield>
  <datafield tag="264" ind1=" " ind2="0">
    <subfield code="c">2024.</subfield>
  </datafield>
  <datafield tag="300" ind1=" " ind2=" ">
    <subfield code="a">273 &#x635;&#x641;&#x62D;&#x629; :</subfield>
    <subfield code="b">&#x625;&#x64A;&#x636;&#x627;&#x62D;&#x64A;&#x627;&#x62A; &#x61B; </subfield>
    <subfield code="c">30 &#x633;&#x645;. + </subfield>
    <subfield code="e">CD.</subfield>
  </datafield>
  <datafield tag="336" ind1=" " ind2=" ">
    <subfield code="a">text</subfield>
    <subfield code="2">rda content</subfield>
  </datafield>
  <datafield tag="337" ind1=" " ind2=" ">
    <subfield code="a">Unmediated</subfield>
    <subfield code="2">rdamedia</subfield>
  </datafield>
  <datafield tag="338" ind1=" " ind2=" ">
    <subfield code="a">volume</subfield>
    <subfield code="2">rdacarrier</subfield>
  </datafield>
  <datafield tag="502" ind1=" " ind2=" ">
    <subfield code="a">&#x623;&#x637;&#x631;&#x648;&#x62D;&#x629; (&#x62F;&#x643;&#x62A;&#x648;&#x631;&#x627;&#x647;)-&#x62C;&#x627;&#x645;&#x639;&#x629; &#x627;&#x644;&#x642;&#x627;&#x647;&#x631;&#x629;&#x60C; 2024.   </subfield>
  </datafield>
  <datafield tag="504" ind1=" " ind2=" ">
    <subfield code="a">&#x628;&#x628;&#x644;&#x64A;&#x648;&#x62C;&#x631;&#x627;&#x641;&#x64A;&#x627;: &#x635;&#x641;&#x62D;&#x627;&#x62A; 250-263.</subfield>
  </datafield>
  <datafield tag="520" ind1=" " ind2=" ">
    <subfield code="a">&#x62A;&#x639;&#x62F; &#x627;&#x644;&#x634;&#x631;&#x643;&#x627;&#x62A; &#x627;&#x644;&#x62A;&#x62C;&#x627;&#x631;&#x64A;&#x629; &#x647;&#x64A; &#x627;&#x644;&#x635;&#x648;&#x631;&#x629; &#x627;&#x644;&#x645;&#x62B;&#x627;&#x644;&#x64A;&#x629; &#x644;&#x645;&#x645;&#x627;&#x631;&#x633;&#x629; &#x645;&#x62E;&#x62A;&#x644;&#x641; &#x627;&#x644;&#x623;&#x646;&#x634;&#x637;&#x629; &#x627;&#x644;&#x62A;&#x62C;&#x627;&#x631;&#x64A;&#x629;&#x60C; &#x648;&#x646;&#x627;&#x62F;&#x631;&#x627;&#x64B; &#x645;&#x627; &#x64A;&#x645;&#x627;&#x631;&#x633; &#x647;&#x630;&#x627; &#x627;&#x644;&#x646;&#x634;&#x627;&#x637; &#x628;&#x634;&#x643;&#x644; &#x641;&#x631;&#x62F;&#x64A;&#x60C; &#x648;&#x62D;&#x62A;&#x649; &#x641;&#x64A; &#x647;&#x630;&#x647; &#x627;&#x644;&#x62D;&#x627;&#x644;&#x627;&#x62A;&#x60C; &#x64A;&#x62A;&#x645; &#x641;&#x635;&#x644; &#x627;&#x644;&#x648;&#x636;&#x639; &#x627;&#x644;&#x645;&#x627;&#x644;&#x64A; &#x644;&#x644;&#x634;&#x62E;&#x635; &#x639;&#x646; &#x627;&#x644;&#x648;&#x636;&#x639; &#x627;&#x644;&#x645;&#x627;&#x644;&#x64A; &#x644;&#x644;&#x634;&#x631;&#x643;&#x629;&#x60C; &#x641;&#x64A; &#x62D;&#x627;&#x644;&#x629; &#x625;&#x646;&#x634;&#x627;&#x621; &#x634;&#x631;&#x643;&#x629; &#x62A;&#x633;&#x645;&#x649; &#x634;&#x631;&#x643;&#x629; &#x627;&#x644;&#x634;&#x62E;&#x635; &#x627;&#x644;&#x648;&#x627;&#x62D;&#x62F;. &#x648;&#x642;&#x62F; &#x646;&#x645;&#x62A; &#x627;&#x644;&#x634;&#x631;&#x643;&#x627;&#x62A; &#x627;&#x644;&#x62A;&#x62C;&#x627;&#x631;&#x64A;&#x629; &#x628;&#x634;&#x643;&#x644; &#x643;&#x628;&#x64A;&#x631;&#x60C; &#x648;&#x627;&#x645;&#x62A;&#x62F;&#x62A; &#x625;&#x644;&#x649; &#x62C;&#x645;&#x64A;&#x639; &#x62C;&#x648;&#x627;&#x646;&#x628; &#x627;&#x644;&#x62D;&#x64A;&#x627;&#x629;&#x60C; &#x648;&#x632;&#x627;&#x62F;&#x62A;&#x60C; &#x633;&#x648;&#x627;&#x621; &#x645;&#x646; &#x62D;&#x64A;&#x62B; &#x639;&#x62F;&#x62F;&#x647;&#x627; &#x623;&#x648; &#x645;&#x646; &#x62D;&#x64A;&#x62B; &#x627;&#x644;&#x642;&#x64A;&#x645;&#x629; &#x627;&#x644;&#x645;&#x627;&#x644;&#x64A;&#x629; &#x627;&#x644;&#x62A;&#x64A; &#x62A;&#x645;&#x62B;&#x644;&#x647;&#x627;. &#x648;&#x647;&#x646;&#x627;&#x643; &#x634;&#x631;&#x643;&#x627;&#x62A; &#x64A;&#x62A;&#x62C;&#x627;&#x648;&#x632; &#x631;&#x623;&#x633; &#x645;&#x627;&#x644;&#x647;&#x627; &#x645;&#x644;&#x64A;&#x627;&#x631;&#x627;&#x62A; &#x627;&#x644;&#x62F;&#x648;&#x644;&#x627;&#x631;&#x627;&#x62A;. 
&#x648;&#x644;&#x627; &#x634;&#x643; &#x623;&#x646; &#x627;&#x644;&#x634;&#x631;&#x643;&#x629;&#x60C; &#x633;&#x648;&#x627;&#x621; &#x641;&#x64A; &#x645;&#x631;&#x62D;&#x644;&#x629; &#x627;&#x644;&#x62A;&#x623;&#x633;&#x64A;&#x633;&#x60C; &#x623;&#x648; &#x641;&#x64A; &#x645;&#x631;&#x62D;&#x644;&#x629; &#x627;&#x644;&#x62D;&#x64A;&#x627;&#x629; &#x627;&#x644;&#x645;&#x647;&#x646;&#x64A;&#x629;&#x60C; &#x623;&#x62B;&#x646;&#x627;&#x621; &#x645;&#x645;&#x627;&#x631;&#x633;&#x629; &#x646;&#x634;&#x627;&#x637;&#x647;&#x627;&#x60C; &#x623;&#x648; &#x639;&#x646;&#x62F; &#x627;&#x646;&#x62A;&#x647;&#x627;&#x621; &#x635;&#x644;&#x627;&#x62D;&#x64A;&#x62A;&#x647;&#x627; &#x628;&#x627;&#x644;&#x62A;&#x635;&#x641;&#x64A;&#x629;&#x60C; &#x639;&#x644;&#x649; &#x633;&#x628;&#x64A;&#x644; &#x627;&#x644;&#x645;&#x62B;&#x627;&#x644;&#x60C; &#x64A;&#x645;&#x643;&#x646; &#x623;&#x646; &#x62A;&#x642;&#x639; &#x641;&#x64A; &#x647;&#x627;&#x648;&#x64A;&#x629; &#x627;&#x644;&#x62C;&#x631;&#x64A;&#x645;&#x629;&#x60C; &#x628;&#x633;&#x628;&#x628; &#x627;&#x646;&#x62E;&#x631;&#x627;&#x637; &#x645;&#x645;&#x62B;&#x644;&#x64A;&#x647;&#x627; &#x641;&#x64A; &#x623;&#x646;&#x634;&#x637;&#x629; &#x63A;&#x64A;&#x631; &#x645;&#x634;&#x631;&#x648;&#x639;&#x629;. &#x648;&#x645;&#x646; &#x627;&#x644;&#x635;&#x639;&#x628; &#x644;&#x644;&#x63A;&#x627;&#x64A;&#x629; &#x62A;&#x631;&#x643; &#x647;&#x630;&#x647; &#x627;&#x644;&#x623;&#x646;&#x634;&#x637;&#x629; &#x62F;&#x648;&#x646; &#x62A;&#x62C;&#x631;&#x64A;&#x645; &#x648;&#x639;&#x642;&#x627;&#x628;&#x60C; &#x628;&#x644; &#x645;&#x646; &#x63A;&#x64A;&#x631; &#x627;&#x644;&#x645;&#x645;&#x643;&#x646; &#x62A;&#x631;&#x643; &#x647;&#x630;&#x647; &#x627;&#x644;&#x623;&#x646;&#x634;&#x637;&#x629; &#x644;&#x644;&#x642;&#x648;&#x627;&#x639;&#x62F; &#x627;&#x644;&#x639;&#x627;&#x645;&#x629; &#x641;&#x64A; &#x642;&#x627;&#x646;&#x648;&#x646; &#x627;&#x644;&#x639;&#x642;&#x648;&#x628;&#x627;&#x62A;&#x60C; &#x62D;&#x64A;&#x62B; &#x642;&#x62F; &#x62A;&#x643;&#x648;&#x646; &#x647;&#x630;&#x647; &#x627;&#x644;&#x642;&#x648;&#x627;&#x639;&#x62F; &#x63A;&#x64A;&#x631; &#x643;&#x627;&#x641;&#x64A;&#x629; &#x644;&#x645;&#x648;&#x627;&#x62C;&#x647;&#x629; &#x647;&#x630;&#x647; &#x627;&#x644;&#x623;&#x646;&#x634;&#x637;&#x629; &#x627;&#x644;&#x625;&#x62C;&#x631;&#x627;&#x645;&#x64A;&#x629;. &#x639;&#x644;&#x627;&#x648;&#x629; &#x639;&#x644;&#x649; &#x630;&#x644;&#x643;&#x60C; &#x641;&#x625;&#x646; &#x647;&#x630;&#x647; &#x627;&#x644;&#x642;&#x627;&#x639;&#x62F;&#x629; &#x627;&#x644;&#x639;&#x627;&#x645;&#x629; &#x644;&#x644;&#x62A;&#x62C;&#x631;&#x64A;&#x645; &#x648;&#x627;&#x644;&#x639;&#x642;&#x627;&#x628; &#x62A;&#x648;&#x627;&#x62C;&#x647; &#x627;&#x644;&#x623;&#x641;&#x639;&#x627;&#x644; &#x627;&#x644;&#x641;&#x631;&#x62F;&#x64A;&#x629;&#x60C; &#x643;&#x642;&#x627;&#x639;&#x62F;&#x629; &#x639;&#x627;&#x645;&#x629;. &#x648;&#x644;&#x627; &#x64A;&#x62C;&#x648;&#x632; &#x623;&#x646; &#x62A;&#x62E;&#x636;&#x639; &#x637;&#x628;&#x64A;&#x639;&#x629; &#x627;&#x644;&#x634;&#x631;&#x643;&#x627;&#x62A;&#x60C; &#x648;&#x642;&#x648;&#x627;&#x639;&#x62F; &#x625;&#x646;&#x634;&#x627;&#x626;&#x647;&#x627;&#x60C; &#x648;&#x646;&#x634;&#x627;&#x637;&#x647;&#x627;&#x60C; &#x648;&#x62A;&#x635;&#x641;&#x64A;&#x62A;&#x647;&#x627;&#x60C; &#x648;&#x627;&#x646;&#x642;&#x636;&#x627;&#x626;&#x647;&#x627; &#x628;&#x648;&#x62C;&#x647; &#x639;&#x627;&#x645;&#x60C; &#x644;&#x644;&#x642;&#x648;&#x627;&#x639;&#x62F; &#x627;&#x644;&#x639;&#x627;&#x645;&#x629; &#x644;&#x644;&#x62A;&#x62C;&#x631;&#x64A;&#x645; &#x648;&#x627;&#x644;&#x639;&#x642;&#x627;&#x628; &#x627;&#x644;&#x648;&#x627;&#x631;&#x62F;&#x629; &#x641;&#x64A; &#x627;&#x644;&#x645;&#x648;&#x627;&#x62F; &#x627;&#x644;&#x639;&#x627;&#x645;&#x629; &#x648;&#x627;&#x644;&#x62E;&#x627;&#x635;&#x629; &#x645;&#x646; &#x642;&#x627;&#x646;&#x648;&#x646; &#x627;&#x644;&#x639;&#x642;&#x648;&#x628;&#x627;&#x62A;.</subfield>
  </datafield>
  <datafield tag="520" ind1=" " ind2=" ">
    <subfield code="a">Commercial companies are the ideal image for conducting various commercial activities. This activity is rarely conducted individually, and even in these cases, the financial status of the person is separated from the financial status of the company, in the case of establishing a company called a one-person company. Commercial companies have grown significantly, and have extended to all aspects of life, and have increased, whether in terms of their number or in terms of the financial value they represent. There are companies whose capital exceeds billions of dollars. There is no doubt that the company, whether in the establishment phase, or in the professional life phase, while conducting its activity, or upon its expiration by liquidation, for example, can fall into the abyss of crime, due to its representatives engaging in illegal activities. It is very difficult to leave these activities without criminalization and punishment. Rather, it is not possible to leave these activities to the general rules of the Penal Code, as these rules may be insufficient to confront these criminal activities. Moreover, this general rule of criminalization and punishment confronts individual actions, as a general rule. </subfield>
  </datafield>
  <datafield tag="530" ind1=" " ind2=" ">
    <subfield code="a">&#x635;&#x62F;&#x631; &#x623;&#x64A;&#x636;&#x64B;&#x627; &#x643;&#x642;&#x631;&#x635; &#x645;&#x62F;&#x645;&#x62C;.</subfield>
  </datafield>
  <datafield tag="546" ind1=" " ind2=" ">
    <subfield code="a">&#x627;&#x644;&#x646;&#x635; &#x628;&#x627;&#x644;&#x639;&#x631;&#x628;&#x64A;&#x629; &#x648;&#x627;&#x644;&#x645;&#x644;&#x62E;&#x635; &#x628;&#x627;&#x644;&#x644;&#x63A;&#x629; &#x627;&#x644;&#x625;&#x646;&#x62C;&#x644;&#x64A;&#x632;&#x64A;&#x629; &#x648;&#x627;&#x644;&#x639;&#x631;&#x628;&#x64A;&#x629;.</subfield>
  </datafield>
  <datafield tag="650" ind1=" " ind2="7">
    <subfield code="a">&#x627;&#x644;&#x634;&#x631;&#x643;&#x627;&#x62A; &#x627;&#x644;&#x62A;&#x62C;&#x627;&#x631;&#x64A;&#x629; </subfield>
    <subfield code="2">qrmak</subfield>
  </datafield>
  <datafield tag="650" ind1=" " ind2="7">
    <subfield code="a">&#x627;&#x644;&#x634;&#x631;&#x643;&#x627;&#x62A;</subfield>
    <subfield code="2">qrmak</subfield>
    <subfield code="x">&#x642;&#x648;&#x627;&#x646;&#x64A;&#x646; &#x648;&#x62A;&#x634;&#x631;&#x64A;&#x639;&#x627;&#x62A;</subfield>
  </datafield>
  <datafield tag="653" ind1=" " ind2="0">
    <subfield code="a">&#x627;&#x644;&#x634;&#x631;&#x643;&#x627;&#x62A; &#x627;&#x644;&#x62A;&#x62C;&#x627;&#x631;&#x64A;&#x629; </subfield>
    <subfield code="a">&#x627;&#x644;&#x646;&#x634;&#x627;&#x637;</subfield>
    <subfield code="a">&#x627;&#x644;&#x634;&#x62E;&#x635; &#x627;&#x644;&#x648;&#x627;&#x62D;&#x62F;</subfield>
  </datafield>
  <datafield tag="700" ind1="0" ind2=" ">
    <subfield code="a">&#x639;&#x645;&#x631; &#x645;&#x62D;&#x645;&#x62F; &#x633;&#x627;&#x644;&#x645;</subfield>
    <subfield code="e">&#x645;&#x634;&#x631;&#x641; &#x623;&#x637;&#x631;&#x648;&#x62D;&#x629;.</subfield>
  </datafield>
  <datafield tag="900" ind1=" " ind2=" ">
    <subfield code="b">25-12-2024</subfield>
    <subfield code="c">&#x639;&#x645;&#x631; &#x645;&#x62D;&#x645;&#x62F; &#x633;&#x627;&#x644;&#x645;</subfield>
    <subfield code="d">&#x623;&#x62D;&#x645;&#x62F; &#x639;&#x648;&#x636; &#x628;&#x644;&#x627;&#x644;</subfield>
    <subfield code="d">&#x645;&#x62D;&#x645;&#x62F; &#x627;&#x644;&#x62F;&#x633;&#x648;&#x642;&#x64A; &#x627;&#x644;&#x634;&#x647;&#x627;&#x648;&#x64A;</subfield>
    <subfield code="U">&#x62C;&#x627;&#x645;&#x639;&#x629; &#x627;&#x644;&#x642;&#x627;&#x647;&#x631;&#x629; </subfield>
    <subfield code="F">&#x643;&#x644;&#x64A;&#x629; &#x627;&#x644;&#x62D;&#x642;&#x648;&#x642;</subfield>
    <subfield code="D">&#x642;&#x633;&#x645; &#x627;&#x644;&#x642;&#x627;&#x646;&#x648;&#x646; &#x627;&#x644;&#x62C;&#x646;&#x627;&#x626;&#x649;</subfield>
  </datafield>
  <datafield tag="905" ind1=" " ind2=" ">
    <subfield code="a">Sara</subfield>
    <subfield code="e">Afaf</subfield>
  </datafield>
  <datafield tag="942" ind1=" " ind2=" ">
    <subfield code="2">ddc</subfield>
    <subfield code="c">TH</subfield>
    <subfield code="e">21</subfield>
    <subfield code="n">0</subfield>
  </datafield>
  <datafield tag="999" ind1=" " ind2=" ">
    <subfield code="c">177434</subfield>
  </datafield>
  <datafield tag="952" ind1=" " ind2=" ">
    <subfield code="2">ddc</subfield>
    <subfield code="9">313351</subfield>
    <subfield code="a">CUCL</subfield>
    <subfield code="b">cl210</subfield>
    <subfield code="d">2026-01-06</subfield>
    <subfield code="i">32848</subfield>
    <subfield code="o">Cai01.04.03.Ph.D.2024.&#x628;&#x644;.&#x62D;</subfield>
    <subfield code="p">01010100032848000</subfield>
    <subfield code="r">2026-01-06 10:28:00</subfield>
    <subfield code="w">2026-01-06</subfield>
    <subfield code="y">TH</subfield>
  </datafield>
</record>
